[Event "Campeonato Individual de Madrid 2006/07"]
[Site "Madrid ESP"]
[Date "2007.02.28"]
[Round "1.1"]
[White "Vazquez Igarza, Renier"]
[Black "Vazquez Gonzalez, Jesus"]
[Result "1-0"]
[WhiteElo "2524"]
[BlackElo "2110"]
[PlyCount "43"]
[EventDate "2007.02.28"]
[EventType "tourn"]
[EventRounds "11"]
[EventCountry "ESP"]
[EventCategory "1"]
[Source "lmi"]
[SourceDate "2007.02.28"]

1. Nf3 Nc6 2. d4 d5 3. Bf4 Bg4 4. e3 g6 5. c4 Bg7 6. Qb3 Bxf3 7. gxf3 e5 8. Bg3
Nge7 9. cxd5 Qxd5 10. Qxd5 Nxd5 11. Nc3 Ndb4 12. d5 Nc2+ 13. Kd2 Nxa1 14. dxc6
Rd8+ 15. Bd3 bxc6 16. Rxa1 O-O 17. Ke2 g5 18. h4 h6 19. hxg5 hxg5 20. Rh1 Bf6
21. Bf5 Rb8 22. b3 1-0

[Event "Campeonato Individual de Madrid 2006/07"]
[Site "Madrid ESP"]
[Date "2007.02.28"]
[Round "1.2"]
[White "Avendano Mateos, Jose"]
[Black "Ballesteros Gonzalez, David"]
[Result "0-1"]
[WhiteElo "1912"]
[BlackElo "2212"]
[PlyCount "82"]
[EventDate "2007.02.28"]
[EventType "tourn"]
[EventRounds "11"]
[EventCountry "ESP"]
[EventCategory "1"]
[Source "lmi"]
[SourceDate "2007.02.28"]

1. d4 d6 2. Nf3 g6 3. e4 Bg7 4. c4 Nf6 5. Nc3 O-O 6. Be2 e5 7. dxe5 dxe5 8. O-O
Qe7 9. Qc2 c6 10. a3 a5 11. Rb1 Na6 12. Be3 Bg4 13. Bb6 Nd7 14. Be3 Nac5 15. b4
axb4 16. axb4 Ne6 17. Rfd1 Bxf3 18. Bxf3 Nd4 19. Bxd4 exd4 20. Ne2 Ne5 21. Nxd4
Ra3 22. Rb3 Ra4 23. c5 Rfa8 24. Be2 h5 25. f4 Ng4 26. Bxg4 hxg4 27. e5 Ra2 28.
Rb2 R2a3 29. Rd3 Rxd3 30. Qxd3 Qd7 31. Qc4 Ra1+ 32. Kf2 Rd1 33. Ne2 Rh1 34. Qd4
Qe7 35. Qd6 Qh4+ 36. Ng3 Rxh2 37. Rb3 Qh3 38. e6 Qxg2+ 39. Ke1 Qf2+ 40. Kd1
Qg1+ 41. Nf1 Qxf1# 0-1

[Event "Campeonato Individual de Madrid 2006/07"]
[Site "Madrid ESP"]
[Date "2007.02.28"]
[Round "1.3"]
[White "Franco Alonso, Alejandro"]
[Black "Rabadan, Velasco Raul"]
[Result "1/2-1/2"]
[WhiteElo "2440"]
[BlackElo "2254"]
[PlyCount "67"]
[EventDate "2007.02.28"]
[EventType "tourn"]
[EventRounds "11"]
[EventCountry "ESP"]
[EventCategory "1"]
[Source "lmi"]
[SourceDate "2007.02.28"]

1. Nf3 Nc6 2. d4 d5 3. c4 Bg4 4. Nc3 e6 5. Bf4 Bxf3 6. gxf3 dxc4 7. e3 Bd6 8.
Bg3 h5 9. Bxc4 Nge7 10. Bxd6 cxd6 11. d5 exd5 12. Nxd5 Rc8 13. f4 Qa5+ 14. Qd2
Nb4 15. Qxb4 Qxb4+ 16. Nxb4 Rxc4 17. Nd3 d5 18. Kd2 f6 19. b3 Rc8 20. Rac1 Kf7
21. Nb4 Ke6 22. Nc2 Nf5 23. Rhg1 Rc7 24. Nb4 Rhc8 25. Rxc7 Rxc7 26. Nc2 Kf7 27.
f3 Rc5 28. Kd3 Ra5 29. a4 Rc5 30. Rb1 Rc7 31. Rb2 Re7 32. b4 Nd6 33. Rb1 g5 34.
fxg5 1/2-1/2

[Event "Campeonato Individual de Madrid 2006/07"]
[Site "Madrid ESP"]
[Date "2007.02.28"]
[Round "1.4"]
[White "Almagro Llanas, Pablo"]
[Black "Gallardo Garcia, Andres"]
[Result "1-0"]
[WhiteElo "2394"]
[BlackElo "2341"]
[PlyCount "105"]
[EventDate "2007.02.28"]
[EventType "tourn"]
[EventRounds "11"]
[EventCountry "ESP"]
[EventCategory "1"]
[Source "lmi"]
[SourceDate "2007.02.28"]

1. e4 c5 2. Nf3 d6 3. d4 cxd4 4. Nxd4 Nf6 5. Nc3 Nc6 6. Be3 e5 7. Nb3 Be7 8. f3
O-O 9. Be2 a5 10. O-O a4 11. Nd2 a3 12. b3 Qa5 13. Na4 b5 14. Bb6 Qa6 15. Bf2
Nd4 16. Bd3 Qc6 17. c3 Nxf3+ 18. Qxf3 bxa4 19. Nc4 Be6 20. Bh4 Rfb8 21. Qd1 Qb7
22. b4 Qc7 23. Qe2 Rc8 24. Ne3 Qxc3 25. Rab1 Qd4 26. Kh1 Rc3 27. Rfd1 Ng4 28.
Nc2 Qb6 29. Be1 Rcc8 30. h3 Nf6 31. Nxa3 d5 32. exd5 Bxd5 33. Nc4 Qe6 34. Ne3
Be4 35. Bxe4 Nxe4 36. Nd5 f5 37. b5 Bc5 38. b6 Rab8 39. b7 Rf8 40. Nc7 Qf7 41.
Na6 Bd4 42. Nxb8 Rxb8 43. Qc2 Qd7 44. Qc4+ Kh8 45. Rdc1 Nc5 46. Bc3 Be3 47.
Bxe5 Rxb7 48. Rxb7 Qxb7 49. Re1 Bf2 50. Rd1 h6 51. Rd8+ Kh7 52. Qg8+ Kg6 53.
Rd6+ 1-0

[Event "Campeonato Individual de Madrid 2006/07"]
[Site "Madrid ESP"]
[Date "2007.02.28"]
[Round "1.5"]
[White "Sanchez Garcia, Aurelio"]
[Black "Roa Alonso, Santiago"]
[Result "0-1"]
[WhiteElo "2104"]
[BlackElo "2418"]
[PlyCount "74"]
[EventDate "2007.02.28"]
[EventType "tourn"]
[EventRounds "11"]
[EventCountry "ESP"]
[EventCategory "1"]
[Source "lmi"]
[SourceDate "2007.02.28"]

1. e4 d6 2. d4 Nf6 3. Nc3 g6 4. h3 Bg7 5. Nf3 O-O 6. Be3 c6 7. a4 Nbd7 8. Be2
Qc7 9. Nd2 b6 10. O-O Bb7 11. f4 a6 12. e5 Nd5 13. Nxd5 cxd5 14. c3 Qc6 15. Qb3
Kh8 16. Nf3 dxe5 17. fxe5 f6 18. exf6 exf6 19. Bf4 g5 20. Bh2 h6 21. Rae1 Rae8
22. Bd3 Re4 23. Qb4 f5 24. Qd6 f4 25. Qxc6 Bxc6 26. Nd2 Bxd4+ 27. Kh1 Rxe1 28.
Rxe1 Be3 29. Nf1 Nc5 30. Bc2 d4 31. cxd4 Bxd4 32. Bg1 Bxb2 33. Bxc5 bxc5 34.
Re6 Rf6 35. Re1 f3 36. Be4 Bc3 37. Bxc6 fxg2+ 0-1

[Event "Campeonato Individual de Madrid 2006/07"]
[Site "Madrid ESP"]
[Date "2007.03.01"]
[Round "1.6"]
[White "De la Fuente Gonzalez, Francisco"]
[Black "Pastor Alonso de Prado, Alberto"]
[Result "1/2-1/2"]
[WhiteElo "2242"]
[BlackElo "2212"]
[PlyCount "75"]
[EventDate "2007.02.28"]
[EventType "tourn"]
[EventRounds "11"]
[EventCountry "ESP"]
[EventCategory "1"]
[Source "lmi"]
[SourceDate "2007.02.28"]

1. c4 e6 2. g3 d5 3. Bg2 Nf6 4. Nf3 Be7 5. O-O O-O 6. d4 Nbd7 7. cxd5 exd5 8.
Nc3 c6 9. Bf4 Re8 10. Qc2 Nf8 11. Rad1 Bg4 12. Ne5 Bh5 13. Bg5 Ng4 14. Bxe7
Qxe7 15. Bf3 Nxe5 16. Bxh5 Ned7 17. Bf3 Nf6 18. Rfe1 Ne6 19. e4 dxe4 20. Nxe4
Nd5 21. Nc5 Qf6 22. Bxd5 cxd5 23. Nxe6 Rxe6 24. Qc5 Qf3 25. Rc1 h5 26. Rxe6
fxe6 27. Qe7 Qf7 28. Qxf7+ Kxf7 29. Rc7+ Kf6 30. Rxb7 a5 31. h4 Rc8 32. Rb5 Rc2
33. Kg2 a4 34. Kf3 a3 35. bxa3 Rc3+ 36. Ke2 Rxa3 37. Rb2 Kf5 38. f3 1/2-1/2

[Event "Campeonato Individual de Madrid 2006/07"]
[Site "Madrid ESP"]
[Date "2007.03.01"]
[Round "2.1"]
[White "Vazquez Gonzalez, Jesus"]
[Black "Pastor Alonso de Prado, Alberto"]
[Result "1/2-1/2"]
[WhiteElo "2110"]
[BlackElo "2212"]
[PlyCount "80"]
[EventDate "2007.02.28"]
[EventType "tourn"]
[EventRounds "11"]
[EventCountry "ESP"]
[EventCategory "1"]
[Source "lmi"]
[SourceDate "2007.02.28"]

1. e4 c5 2. Nf3 Nc6 3. d4 cxd4 4. Nxd4 e6 5. Nc3 Qc7 6. Be2 a6 7. O-O Nf6 8.
Be3 Bb4 9. f3 Bxc3 10. bxc3 d5 11. Nxc6 Qxc6 12. e5 Nd7 13. Qd4 O-O 14. f4 b6
15. Rf3 Nc5 16. Rb1 Bd7 17. Rh3 f5 18. g4 Rac8 19. gxf5 exf5 20. Bf3 Be6 21. c4
Rfd8 22. Rd1 Ne4 23. Qxb6 Rd7 24. c5 Qxb6 25. cxb6 Rxc2 26. Rb1 Rb7 27. a3 Rc3
28. Bxe4 fxe4 29. Rg3 Rxa3 30. Rc1 Ra4 31. Rd1 Rf7 32. Rg2 Rb4 33. Rf2 Rb3 34.
Re1 g6 35. Bc5 Rd7 36. Ra2 d4 37. Rxa6 Rb5 38. b7 Kf7 39. Bb6 Rxb7 40. Bxd4 Rb1
1/2-1/2

[Event "Campeonato Individual de Madrid 2006/07"]
[Site "Madrid ESP"]
[Date "2007.03.01"]
[Round "2.2"]
[White "Roa Alonso, Santiago"]
[Black "De la Fuente Gonzalez, Francisco"]
[Result "1-0"]
[WhiteElo "2418"]
[BlackElo "2242"]
[PlyCount "83"]
[EventDate "2007.02.28"]
[EventType "tourn"]
[EventRounds "11"]
[EventCountry "ESP"]
[EventCategory "1"]
[Source "lmi"]
[SourceDate "2007.02.28"]

1. d4 g6 2. e4 Bg7 3. Nf3 c6 4. c4 d6 5. Nc3 Nf6 6. Be2 O-O 7. O-O Qc7 8. Re1
Nbd7 9. Bf1 e5 10. d5 c5 11. g3 a6 12. a4 h6 13. Ra3 Qd8 14. a5 Kh7 15. Bd2 Ne8
16. Qb1 Rb8 17. Na4 Qe7 18. b4 cxb4 19. Bxb4 f5 20. exf5 gxf5 21. Nh4 e4 22.
Bh3 Ne5 23. Nb6 Qg5 24. c5 Ng4 25. cxd6 Rf7 26. f4 Qh5 27. Qd1 Nef6 28. Rc3 Bd7
29. Rc7 Re8 30. Bc3 Rd8 31. Be5 Kg8 32. Rxb7 Ba4 33. Qxa4 Rxb7 34. Qc4 e3 35.
Kg2 Ne4 36. Bxg4 Qxg4 37. Rxe3 Rf7 38. Nxf5 Nd2 39. Ne7+ Kh8 40. Qe2 Qxe2+ 41.
Rxe2 Nb3 42. Nc6 1-0

[Event "Campeonato Individual de Madrid 2006/07"]
[Site "Madrid ESP"]
[Date "2007.03.01"]
[Round "2.3"]
[White "Gallardo Garcia, Andres"]
[Black "Sanchez Garcia, Aurelio"]
[Result "1-0"]
[WhiteElo "2341"]
[BlackElo "2104"]
[PlyCount "71"]
[EventDate "2007.02.28"]
[EventType "tourn"]
[EventRounds "11"]
[EventCountry "ESP"]
[EventCategory "1"]
[Source "lmi"]
[SourceDate "2007.02.28"]

1. e4 e6 2. d4 d5 3. e5 c5 4. c3 Bd7 5. Nf3 a6 6. Bd3 cxd4 7. O-O Bb5 8. Bxb5+
axb5 9. cxd4 Nc6 10. Nc3 b4 11. Ne2 Nge7 12. Ng3 g6 13. h4 h5 14. Bg5 Bg7 15.
Qd2 Qb6 16. b3 Nf5 17. Nxf5 gxf5 18. Rac1 Kd7 19. Rc2 Rhg8 20. Rfc1 Bf8 21. Kh2
Rg6 22. g3 Be7 23. Bxe7 Kxe7 24. Ng5 f6 25. exf6+ Rxf6 26. Qf4 Rg8 27. Rc5 Kd7
28. Qf3 Rh8 29. Nxe6 Rxe6 30. Rxd5+ Kc7 31. Qf4+ Kc8 32. Qxf5 Rhe8 33. Rd6 Kb8
34. Rxe6 Rd8 35. d5 Qa5 36. Qf4+ 1-0

[Event "Campeonato Individual de Madrid 2006/07"]
[Site "Madrid ESP"]
[Date "2007.03.01"]
[Round "2.4"]
[White "Rabadan, Velasco Raul"]
[Black "Almagro Llanas, Pablo"]
[Result "1/2-1/2"]
[WhiteElo "2254"]
[BlackElo "2394"]
[PlyCount "69"]
[EventDate "2007.02.28"]
[EventType "tourn"]
[EventRounds "11"]
[EventCountry "ESP"]
[EventCategory "1"]
[Source "lmi"]
[SourceDate "2007.02.28"]

1. d4 d5 2. c4 c6 3. Nc3 Nf6 4. e3 a6 5. Nf3 b5 6. b3 Bg4 7. h3 Bxf3 8. gxf3 e6
9. c5 Nbd7 10. f4 g6 11. Bd3 Bg7 12. Qc2 Nh5 13. Bb2 Qh4 14. O-O-O O-O 15. Kb1
Rfb8 16. Rdg1 f5 17. Rg2 a5 18. Ne2 Kh8 19. Ng1 Qe7 20. Nf3 Rg8 21. Be2 a4 22.
b4 Bf6 23. Rhg1 Qe8 24. Ne5 Bxe5 25. dxe5 Qf7 26. Qd1 Ng7 27. Rg5 Nf8 28. Bc3
h6 29. R5g2 Kh7 30. a3 Rd8 31. h4 h5 32. Rg5 Rd7 33. Qf1 Rb7 34. Qg2 Rd7 35.
Kc2 1/2-1/2

[Event "Campeonato Individual de Madrid 2006/07"]
[Site "Madrid ESP"]
[Date "2007.03.01"]
[Round "2.5"]
[White "Ballesteros Gonzalez, David"]
[Black "Franco Alonso, Alejandro"]
[Result "0-1"]
[WhiteElo "2212"]
[BlackElo "2440"]
[PlyCount "104"]
[EventDate "2007.02.28"]
[EventType "tourn"]
[EventRounds "11"]
[EventCountry "ESP"]
[EventCategory "1"]
[Source "lmi"]
[SourceDate "2007.02.28"]

1. d4 Nf6 2. Nc3 d5 3. Bg5 Nbd7 4. Nf3 h6 5. Bh4 e6 6. a3 c5 7. e3 Be7 8. Be2
b6 9. O-O O-O 10. h3 Bb7 11. Bg3 a6 12. Ne5 Nxe5 13. Bxe5 Rc8 14. Bf3 Nd7 15.
Bg3 Bf6 16. Bg4 g6 17. Qd2 b5 18. Ne2 Qb6 19. c3 a5 20. Rfc1 a4 21. Nf4 Rfe8
22. Rd1 Bg7 23. Nd3 f5 24. Bf3 g5 25. Ne5 Nxe5 26. Bxe5 Bxe5 27. dxe5 Re7 28.
Be2 Rg7 29. g4 Rf8 30. f4 gxf4 31. exf4 d4 32. Rf1 Be4 33. Kh2 d3 34. Bf3 Bxf3
35. Rxf3 c4 36. Rg1 fxg4 37. Rxg4 Rff7 38. Qf2 Qxf2+ 39. Rxf2 h5 40. Rgg2 Kh7
41. Kg1 Rd7 42. Rd2 Rg6 43. Kf2 Rdg7 44. Rxg6 Kxg6 45. Ke3 Kf5 46. Rf2 Rg3+ 47.
Kd4 Rxh3 48. Kc5 Re3 49. Kxb5 Re2 50. Rf1 d2 51. Rd1 Kxf4 52. Kxc4 Ke3 0-1

[Event "Campeonato Individual de Madrid 2006/07"]
[Site "Madrid ESP"]
[Date "2007.03.01"]
[Round "2.6"]
[White "Vazquez Igarza, Renier"]
[Black "Avendano Mateos, Jose"]
[Result "1-0"]
[WhiteElo "2524"]
[BlackElo "1912"]
[PlyCount "103"]
[EventDate "2007.02.28"]
[EventType "tourn"]
[EventRounds "11"]
[EventCountry "ESP"]
[EventCategory "1"]
[Source "lmi"]
[SourceDate "2007.02.28"]

1. Nf3 d5 2. d4 c6 3. e3 e6 4. c4 f5 5. Bd3 Nf6 6. Qc2 Ne4 7. b3 Bd6 8. O-O O-O
9. Ba3 Bxa3 10. Nxa3 Qe7 11. Nb1 Nd7 12. Nbd2 Kh8 13. Ne1 h6 14. Be2 Ndf6 15.
Ndf3 Bd7 16. Ne5 Be8 17. f3 Ng5 18. N1d3 Kh7 19. cxd5 Nxd5 20. Qd2 Nf7 21. Nc4
Rd8 22. Rac1 Qg5 23. Kh1 Nd6 24. f4 Qf6 25. Bf3 Rg8 26. Bxd5 exd5 27. Nxd6 Qxd6
28. Qa5 Ra8 29. Ne5 Bh5 30. Rf2 Rgc8 31. h3 Bg6 32. Rfc2 Be8 33. Qd2 Rab8 34.
b4 a6 35. a4 Rd8 36. Rc5 Qe6 37. Qd3 Kg8 38. R5c2 Qf6 39. Ra2 Rbc8 40. Rg1 Rc7
41. Kh2 Re7 42. Rf2 Rd6 43. Qc2 Rd8 44. Qc5 Qd6 45. g4 fxg4 46. hxg4 Qf6 47. g5
hxg5 48. Rxg5 Bd7 49. Kg1 Be8 50. Qc2 g6 51. Rfg2 Rxe5 52. dxe5 1-0

[Event "Campeonato Individual de Madrid 2006/07"]
[Site "Madrid ESP"]
[Date "2007.03.02"]
[Round "3.1"]
[White "Avendano Mateos, Jose"]
[Black "Vazquez Gonzalez, Jesus"]
[Result "1/2-1/2"]
[WhiteElo "1912"]
[BlackElo "2110"]
[PlyCount "70"]
[EventDate "2007.02.28"]
[EventType "tourn"]
[EventRounds "11"]
[EventCountry "ESP"]
[EventCategory "1"]
[Source "lmi"]
[SourceDate "2007.02.28"]

1. d4 Nf6 2. Nf3 e6 3. Bg5 Be7 4. e3 b6 5. Bd3 Bb7 6. Nbd2 d5 7. O-O O-O 8. c3
Nbd7 9. Re1 Ne4 10. Bxe7 Qxe7 11. Rc1 f5 12. Nf1 Rf6 13. Ng3 Rh6 14. Nd2 Nxd2
15. Qxd2 Qh4 16. h3 Rf8 17. c4 c5 18. dxc5 Nxc5 19. cxd5 Bxd5 20. Bxf5 Bxg2 21.
Kxg2 Rxf5 22. Rh1 Ne4 23. Rc8+ Rf8 24. Rxf8+ Kxf8 25. Qb4+ Nc5 26. Qa3 Qe7 27.
b4 Qb7+ 28. f3 Nd7 29. Rd1 Rg6 30. Qd3 Qc7 31. f4 Ke7 32. Kf2 Nf6 33. Rd2 Nd5
34. Qe4 Nf6 35. Qd3 Nd5 1/2-1/2

[Event "Campeonato Individual de Madrid 2006/07"]
[Site "Madrid ESP"]
[Date "2007.03.02"]
[Round "3.2"]
[White "Franco Alonso, Alejandro"]
[Black "Vazquez Igarza, Renier"]
[Result "1/2-1/2"]
[WhiteElo "2440"]
[BlackElo "2524"]
[PlyCount "32"]
[EventDate "2007.02.28"]
[EventType "tourn"]
[EventRounds "11"]
[EventCountry "ESP"]
[EventCategory "1"]
[Source "lmi"]
[SourceDate "2007.02.28"]

1. Nf3 c5 2. c4 e6 3. Nc3 d5 4. cxd5 exd5 5. d4 Nc6 6. g3 Nf6 7. Bg2 Be7 8. O-O
O-O 9. Bg5 cxd4 10. Nxd4 h6 11. Be3 Re8 12. Rc1 Bf8 13. Na4 Bd7 14. Nxc6 Bxc6
15. Nc5 Ne4 16. Nxe4 dxe4 1/2-1/2

[Event "Campeonato Individual de Madrid 2006/07"]
[Site "Madrid ESP"]
[Date "2007.03.02"]
[Round "3.3"]
[White "Almagro Llanas, Pablo"]
[Black "Ballesteros Gonzalez, David"]
[Result "1-0"]
[WhiteElo "2394"]
[BlackElo "2212"]
[PlyCount "79"]
[EventDate "2007.02.28"]
[EventType "tourn"]
[EventRounds "11"]
[EventCountry "ESP"]
[EventCategory "1"]
[Source "lmi"]
[SourceDate "2007.02.28"]

1. e4 c5 2. Nf3 d6 3. d4 cxd4 4. Nxd4 Nf6 5. Nc3 Nc6 6. Be3 g6 7. f3 Bg7 8. Qd2
O-O 9. Bc4 a6 10. h4 h5 11. O-O-O Ne5 12. Bb3 Bd7 13. g4 Rc8 14. gxh5 Nxh5 15.
Nd5 Nc4 16. Bxc4 Rxc4 17. Nb3 e6 18. Nb6 Rc6 19. Nxd7 Qxd7 20. Kb1 Rfc8 21. c3
a5 22. Nxa5 Ra6 23. Nb3 Qa4 24. Nc1 Kh7 25. Qc2 Qa5 26. Rhg1 Bf6 27. f4 Be7 28.
Rdf1 f5 29. Qb3 Qa4 30. Qxe6 Qxe4+ 31. Qxe4 fxe4 32. f5 gxf5 33. Rxf5 Nf6 34.
Bd4 Rf8 35. Ne2 d5 36. Nf4 Ne8 37. Re5 Bxh4 38. Ne6 Rf6 39. Rh5+ Rh6 40. Nf8#
1-0

[Event "Campeonato Individual de Madrid 2006/07"]
[Site "Madrid ESP"]
[Date "2007.03.02"]
[Round "3.4"]
[White "Sanchez Garcia, Aurelio"]
[Black "Rabadan, Velasco Raul"]
[Result "0-1"]
[WhiteElo "2104"]
[BlackElo "2254"]
[PlyCount "80"]
[EventDate "2007.02.28"]
[EventType "tourn"]
[EventRounds "11"]
[EventCountry "ESP"]
[EventCategory "1"]
[Source "lmi"]
[SourceDate "2007.02.28"]

1. d4 d5 2. Bf4 Nc6 3. e3 Bf5 4. Nf3 e6 5. a3 Bd6 6. Bg3 Nf6 7. c4 O-O 8. Nc3
Re8 9. cxd5 exd5 10. Be2 Ne7 11. Bh4 c6 12. Bxf6 gxf6 13. O-O Kh8 14. Nh4 Qc7
15. g3 Bh3 16. Ng2 Rg8 17. e4 dxe4 18. Nxe4 Nd5 19. Nxd6 Qxd6 20. Qd2 Bxg2 21.
Kxg2 Nf4+ 22. Kh1 Qd5+ 23. f3 Ne6 24. Rad1 a5 25. Qc3 b5 26. Rd3 f5 27. Bd1 a4
28. Re1 f6 29. Rxe6 Qxe6 30. f4 Rge8 31. Bf3 Rac8 32. Kg2 Kg7 33. Kf2 Red8 34.
Qd2 Rd6 35. Re3 Qc4 36. Re7+ Kg6 37. Kg2 Qxd4 38. Bh5+ Kxh5 39. Qe2+ Kg6 40.
Kh3 Qd1 0-1

[Event "Campeonato Individual de Madrid 2006/07"]
[Site "Madrid ESP"]
[Date "2007.03.02"]
[Round "3.5"]
[White "De la Fuente Gonzalez, Francisco"]
[Black "Gallardo Garcia, Andres"]
[Result "0-1"]
[WhiteElo "2242"]
[BlackElo "2341"]
[PlyCount "130"]
[EventDate "2007.02.28"]
[EventType "tourn"]
[EventRounds "11"]
[EventCountry "ESP"]
[EventCategory "1"]
[Source "lmi"]
[SourceDate "2007.02.28"]

1. c4 e5 2. g3 Nf6 3. Bg2 c6 4. Nf3 e4 5. Nd4 d5 6. cxd5 Qxd5 7. e3 Bc5 8. Nc3
Qe5 9. Qc2 Bxd4 10. exd4 Qxd4 11. Nxe4 Nxe4 12. Qxe4+ Qxe4+ 13. Bxe4 Bh3 14. d3
Na6 15. Be3 Nb4 16. Kd2 f5 17. Bf3 O-O-O 18. Kc3 a5 19. Rhd1 Bg4 20. Bxg4 fxg4
21. Bc5 Nd5+ 22. Kb3 b6 23. Bd4 Rd7 24. Rac1 Kb7 25. a3 Rf8 26. Rc4 Rf3 27. Kc2
c5 28. Be3 Rxe3 29. fxe3 Nxe3+ 30. Kc1 Nxd1 31. Kxd1 h5 32. Kd2 Kc6 33. Rf4 Rd6
34. Ke3 g6 35. a4 Kd5 36. b3 Re6+ 37. Kd2 Ke5 38. Re4+ Kd5 39. Rf4 Rd6 40. Ke3
Ke5 41. Re4+ Kf5 42. Rf4+ Kg5 43. Re4 Rf6 44. Re5+ Kh6 45. Re4 Rd6 46. d4 Rf6
47. dxc5 Rf3+ 48. Kd4 bxc5+ 49. Kc4 Rf2 50. Kxc5 Rxh2 51. b4 axb4 52. a5 Ra2
53. Kxb4 Kg5 54. Re3 h4 55. gxh4+ Kxh4 56. Re6 g5 57. Rh6+ Kg3 58. Rg6 Kf4 59.
Rf6+ Ke5 60. Rf1 g3 61. Kb5 g2 62. Rc1 Kf4 63. a6 Kg3 64. Rc5 g4 65. Rc1 Kh2
0-1

[Event "Campeonato Individual de Madrid 2006/07"]
[Site "Madrid ESP"]
[Date "2007.03.02"]
[Round "3.6"]
[White "Pastor Alonso de Prado, Alberto"]
[Black "Roa Alonso, Santiago"]
[Result "0-1"]
[WhiteElo "2212"]
[BlackElo "2418"]
[PlyCount "56"]
[EventDate "2007.02.28"]
[EventType "tourn"]
[EventRounds "11"]
[EventCountry "ESP"]
[EventCategory "1"]
[Source "lmi"]
[SourceDate "2007.02.28"]

1. c3 e5 2. e4 Nf6 3. Nf3 Nc6 4. d4 Nxe4 5. dxe5 Bc5 6. Bc4 d5 7. Qxd5 Qxd5 8.
Bxd5 Nxf2 9. Bxc6+ bxc6 10. Rf1 Nd3+ 11. Kd2 Ba6 12. Kc2 Nxb2 13. Rh1 Nc4 14.
Nd4 O-O 15. Re1 Rfe8 16. Bf4 Rab8 17. Nb3 Bf2 18. Re4 f5 19. Rxc4 Bxc4 20. N1d2
Bxb3+ 21. axb3 g5 22. Rf1 gxf4 23. Rxf2 Rxe5 24. Rxf4 Re2 25. Kd3 Rxg2 26. Nf3
Rxb3 27. Rxf5 Rb5 28. Rf4 Rg6 0-1

[Event "Campeonato Individual de Madrid 2006/07"]
[Site "Madrid ESP"]
[Date "2007.03.06"]
[Round "4.1"]
[White "Vazquez Gonzalez, Jesus"]
[Black "Roa Alonso, Santiago"]
[Result "0-1"]
[WhiteElo "2110"]
[BlackElo "2418"]
[PlyCount "110"]
[EventDate "2007.02.28"]
[EventType "tourn"]
[EventRounds "11"]
[EventCountry "ESP"]
[EventCategory "1"]
[Source "lmi"]
[SourceDate "2007.02.28"]

1. e4 e5 2. Nf3 Nc6 3. d4 exd4 4. Nxd4 Bc5 5. Be3 Qf6 6. Nb5 Bxe3 7. fxe3 Qd8
8. Qg4 Kf8 9. Qf4 d6 10. Bc4 Nf6 11. O-O Ne5 12. Be2 Bd7 13. N1c3 a6 14. Nd4
Qe7 15. Nf5 Bxf5 16. exf5 h5 17. Bf3 c6 18. e4 b5 19. a3 a5 20. Kh1 Qa7 21.
Rfd1 Qc5 22. Qd2 Ke7 23. Qd4 Qxd4 24. Rxd4 b4 25. axb4 axb4 26. Na4 c5 27. Rdd1
Rhb8 28. b3 Ra6 29. Rd2 g5 30. fxg6 fxg6 31. h4 Nfd7 32. Be2 Ra7 33. Rad1 Nf6
34. Bf3 Ra6 35. Kg1 Rc6 36. Nb2 Rf8 37. Nd3 Nfd7 38. Rf2 Nxd3 39. cxd3 Ne5 40.
Be2 Ra8 41. d4 cxd4 42. Rxd4 Ra1+ 43. Rf1 Ra2 44. Bd1 Rc1 45. Rxb4 Raa1 46.
Rb7+ Ke6 47. Be2 Rxf1+ 48. Bxf1 Ng4 49. Rb8 Ne3 50. Rf8 Ke5 51. b4 Rb1 52. b5
Kxe4 53. g3 Nxf1 54. Rxf1 Rxf1+ 55. Kxf1 Kd5 0-1

[Event "Campeonato Individual de Madrid 2006/07"]
[Site "Madrid ESP"]
[Date "2007.03.06"]
[Round "4.2"]
[White "Gallardo Garcia, Andres"]
[Black "Pastor Alonso de Prado, Alberto"]
[Result "1/2-1/2"]
[WhiteElo "2341"]
[BlackElo "2212"]
[PlyCount "82"]
[EventDate "2007.02.28"]
[EventType "tourn"]
[EventRounds "11"]
[EventCountry "ESP"]
[EventCategory "1"]
[Source "lmi"]
[SourceDate "2007.02.28"]

1. e4 e5 2. Nf3 Nc6 3. Bb5 Bc5 4. d3 Nd4 5. Nxd4 Bxd4 6. O-O Nf6 7. c3 Bb6 8.
Bg5 h6 9. Bh4 Qe7 10. Nd2 c6 11. Ba4 d6 12. Nc4 g5 13. Nxb6 axb6 14. Bg3 h5 15.
f3 h4 16. Bf2 b5 17. Bb3 Nh5 18. a4 bxa4 19. Bxa4 O-O 20. d4 Nf4 21. b4 Qf6 22.
dxe5 dxe5 23. Bb6 Ra6 24. Bc7 b5 25. Bc2 Rxa1 26. Qxa1 Be6 27. Qd1 Bc4 28. Re1
Ra8 29. Bb1 Ra1 30. Qd7 Kg7 31. Qd2 Qe6 32. g3 hxg3 33. hxg3 Ng6 34. Kg2 f6 35.
Qb2 Ra8 36. Rh1 Ba2 37. Bc2 Bc4 38. Bb1 Nf8 39. Bb6 Ba2 40. Bc2 Bc4 41. Bb1 Ba2
1/2-1/2

[Event "Campeonato Individual de Madrid 2006/07"]
[Site "Madrid ESP"]
[Date "2007.03.06"]
[Round "4.3"]
[White "Rabadan, Velasco Raul"]
[Black "De la Fuente Gonzalez, Francisco"]
[Result "1-0"]
[WhiteElo "2254"]
[BlackElo "2242"]
[PlyCount "61"]
[EventDate "2007.02.28"]
[EventType "tourn"]
[EventRounds "11"]
[EventCountry "ESP"]
[EventCategory "1"]
[Source "lmi"]
[SourceDate "2007.02.28"]

1. d4 g6 2. e4 Bg7 3. Nc3 c6 4. f4 d5 5. e5 h5 6. Nf3 Bg4 7. Be3 Nh6 8. Be2 Nf5
9. Bf2 e6 10. Qd3 Nd7 11. O-O-O Qa5 12. Kb1 b5 13. Nd2 Bxe2 14. Nxe2 Bf8 15. g3
Nb6 16. h3 Na4 17. Nb3 Qb6 18. g4 Ng7 19. Bh4 b4 20. Bf6 Qb5 21. Qf3 Nb6 22. f5
hxg4 23. hxg4 Rxh1 24. Rxh1 gxf5 25. Rh7 fxg4 26. Qxg4 a5 27. Bxg7 a4 28. Rh8
Kd7 29. Rxf8 Rxf8 30. Bxf8 axb3 31. axb3 1-0

[Event "Campeonato Individual de Madrid 2006/07"]
[Site "Madrid ESP"]
[Date "2007.03.06"]
[Round "4.4"]
[White "Ballesteros Gonzalez, David"]
[Black "Sanchez Garcia, Aurelio"]
[Result "0-1"]
[WhiteElo "2212"]
[BlackElo "2104"]
[PlyCount "80"]
[EventDate "2007.02.28"]
[EventType "tourn"]
[EventRounds "11"]
[EventCountry "ESP"]
[EventCategory "1"]
[Source "lmi"]
[SourceDate "2007.02.28"]

1. d4 Nf6 2. c4 Nc6 3. d5 Ne5 4. Qc2 e6 5. e4 Bb4+ 6. Nc3 O-O 7. Bg5 h6 8. Bh4
Ng6 9. Bxf6 Qxf6 10. Nf3 exd5 11. cxd5 d6 12. Be2 Nf4 13. Bf1 Bg4 14. Nd2 Bxc3
15. bxc3 Nxd5 16. f3 Ne3 17. Qd3 Nxf1 18. Rxf1 Be6 19. Kf2 c6 20. Qd4 Qe5 21.
Kg1 c5 22. Qe3 d5 23. Qxc5 Rfc8 24. Qd4 Qxd4+ 25. cxd4 Rc2 26. Nb3 b6 27. Rfd1
Rac8 28. Rdc1 a5 29. Rf1 a4 30. Nc1 Rd2 31. Rf2 Rd1+ 32. Rf1 Rxd4 33. exd5 Rxd5
34. a3 Rc2 35. Ra2 Rxa2 36. Nxa2 Rd3 37. Nb4 Rxa3 38. Rd1 Rb3 39. Rd8+ Kh7 40.
Nc6 a3 0-1